| 000 | 00562nam a2200217 a 4500 | ||
|---|---|---|---|
| 001 | BRCA_3574 | ||
| 005 | 20190320204334.0 | ||
| 008 | 050809s1956----nyua---###---#000-0#eng-# | ||
| 041 | _aeng | ||
| 044 | _anyu | ||
| 050 | 4 |
_aND259.07 _b.R44 1956 |
|
| 100 | 1 |
_aReed, Alma _99278 |
|
| 245 | 1 | 0 |
_aOrozco _cAlma Reed. |
| 260 |
_aNew York _bOxford University _c1956 |
||
| 300 |
_a308 p. _bil., 16 láminas. _c25 cm. |
||
| 500 | _aB242 | ||
| 600 | 1 | 4 |
_aOrozco, José Clemente _d1883-1949 _99279 |
| 650 | 1 | 4 |
_aPintores mexicanos _94220 |
| 902 | _aGFM | ||
| 942 |
_2lcc _cB |
||
| 999 |
_c3309 _d3309 |
||